| 000 | 00681nam a22001937a 4500 | ||
|---|---|---|---|
| 008 | 161011b xxu||||| |||| 00| 0 eng d | ||
| 020 | _a0876390986 | ||
| 040 |
_aKABU _cKABU |
||
| 050 |
_aML3790 _b.K56 2009 C.1 |
||
| 100 | _aKing, Mike | ||
| 245 |
_aMusic mareting _bpress, promotion, distribution and retail _c Mike King and edited by Jonathan Feist |
||
| 260 |
_bBerklee press _c2009 |
||
| 300 | _aviii, 213 p. | ||
| 650 |
_2Sound recording indusry _zUnited States |
||
| 650 |
_2Sound recordings _vMarketing _zUnited States |
||
| 650 |
_2Popular music _vWriting and publishing |
||
| 700 | _aFeist, Jonathan | ||
| 942 |
_2lcc _cBK _hML3790.K56 2009 C.1 |
||
| 999 |
_c16185 _d16185 |
||